Signs, Solidarities, and Sociology : (Record no. 607894)

MARC details
000 -LEADER
fixed length control field 00518nam a2200193 a 4500
008 - FIXED-LENGTH DATA ELEMENTS--GENERAL INFORMATION
fixed length control field 260108s2001##################000#0#eng##
020 ## - INTERNATIONAL STANDARD BOOK NUMBER
ISBN 9780847691791
082 04 - DEWEY DECIMAL CLASSIFICATION NUMBER
Classification number 301.01
Item number SOB
100 1# - MAIN ENTRY--AUTHOR NAME
Personal name Sobrinho, Blasco José,
245 10 - TITLE STATEMENT
Title Signs, Solidarities, and Sociology :
260 ## - PUBLICATION, DISTRIBUTION, ETC. (IMPRINT)
Name of publisher Rowman & Littlefield,
Year of publication 2001.
300 ## - PHYSICAL DESCRIPTION
Number of Pages 328 pages
650 #0 - SUBJECT ADDED ENTRY--TOPICAL TERM
Topical Term Philosophy.
942 ## - ADDED ENTRY ELEMENTS (KOHA)
Koha item type English Books
Holdings
Withdrawn status Lost status Damaged status Not for loan Home library Current library Shelving location Date acquired Full call number Accession Number Price effective from Koha item type
        Anna Centenary Library Anna Centenary Library 3RD FLOOR, B WING 08.01.2026 301.01 SOB 492762 08.01.2026 English Books

Find us on the map